000 00281nam a22001217a 4500
008 180222b xxu||||| |||| 00| 0 eng d
041 _aeng
080 _a31
100 _a48
101 _aedu
245 _afundamentals of teaching home science
_carvinda.ch
942 _2udc
_cBK
999 _c43166
_d43166